[Event "Stay Safe Play From Home 406"]
[Site "Emanuel Lasker Arena"]
[Date "2020.08.24"]
[Round "1"]
[White "Mepe_Nika"]
[Black "Greblah"]
[Result "1-0"]
[WhiteElo "2380"]
[BlackElo "1873"]
[PlyCount "81"]
[EventDate "2020.08.24"]
[EventType "swiss (blitz)"]

1. d4 {[%emt 0:00:01]} c6 {[%emt 0:00:00]} 2. e4 {[%emt 0:00:01]} d5 {[%emt 0:00:01]} 3. exd5 {[%emt 0:00:00]} cxd5 {[%emt 0:00:01]} 4. Bd3 {[%emt 0:00:00]} Nc6 {[%emt 0:00:01]} 5. c3 {[%emt 0:00:00]} g6 {[%emt 0:00:01]} 6. Nf3 {[%emt 0:00:02]} Bg7 {[%emt 0:00:00]} 7. O-O {[%emt 0:00:00]} Nh6 {[%emt 0:00:01]} 8. Re1 {[%emt 0:00:01]} O-O {[%emt 0:00:01]} 9. Bg5 {[%emt 0:00:01]} f6 {[%emt 0:00:01]} 10. Bxh6 {[%emt 0:00:01]} Bxh6 {[%emt 0:00:01]} 11. Qb3 {[%emt 0:00:00]} Qd7 {[%emt 0:00:02]} 12. Nbd2 {[%emt 0:00:01]} Na5 {[%emt 0:00:01]} 13. Qc2 {[%emt 0:00:02]} b6 {[%emt 0:00:01]} 14. Re2 {[%emt 0:00:02]} Bb7 {[%emt 0:00:02]} 15. Rae1 {[%emt 0:00:01]} Rf7 {[%emt 0:00:02]} 16. h3 {[%emt 0:00:01]} Re8 {[%emt 0:00:02]} 17. Nh4 {[%emt 0:00:01]} Bg7 {[%emt 0:00:02]} 18. Nxg6 {[%emt 0:00:02]} hxg6 {[%emt 0:00:02]} 19. Bxg6 {[%emt 0:00:00]} Ba6 {[%emt 0:00:02]} 20. Re6 {[%emt 0:00:04]} Nb7 {[%emt 0:00:03]} 21. Qf5 {[%emt 0:00:01]} Nd8 {[%emt 0:00:01]} 22. Bxf7+ {[%emt 0:00:03]} Kxf7 {[%emt 0:00:01]} 23. Rxf6+ {[%emt 0:00:02]} Bxf6 {[%emt 0:00:05]} 24. Qxd7 {[%emt 0:00:01]} Bd3 {[%emt 0:00:06]} 25. Qxd5+ {[%emt 0:00:01]} Kg7 {[%emt 0:00:02]} 26. Re3 {[%emt 0:00:02]} Bg6 {[%emt 0:00:01]} 27. Rg3 {[%emt 0:00:01]} Rg8 {[%emt 0:00:03]} 28. Rxg6+ {[%emt 0:00:02]} Kxg6 {[%emt 0:00:00]} 29. Qxg8+ {[%emt 0:00:01]} Kf5 {[%emt 0:00:01]} 30. Qxd8 {[%emt 0:00:00]} Kg6 {[%emt 0:00:01]} 31. Nf3 {[%emt 0:00:01]} Kf7 {[%emt 0:00:01]} 32. Ne5+ {[%emt 0:00:01]} Bxe5 {[%emt 0:00:02]} 33. Qd5+ {[%emt 0:00:00]} Kf6 {[%emt 0:00:01]} 34. Qxe5+ {[%emt 0:00:00]} Kf7 {[%emt 0:00:00]} 35. d5 {[%emt 0:00:01]} e6 {[%emt 0:00:01]} 36. Qxe6+ {[%emt 0:00:01]} Kf8 {[%emt 0:00:01]} 37. d6 {[%emt 0:00:01]} Kg7 {[%emt 0:00:01]} 38. d7 {[%emt 0:00:01]} b5 {[%emt 0:00:00]} 39. d8=Q {[%emt 0:00:01]} a5 {[%emt 0:00:01]} 40. Qdd7+ {[%emt 0:00:00]} Kf8 {[%emt 0:00:01]} 41. Qee8# {[%emt 0:00:00] (Lag: Av=0.36s, max=0.8s) (Lag: Av=0.36s, max=0.8s) (Lag: Av=0.36s, max=0.8s)} 1-0

[Event "Stay Safe Play From Home 406"]
[Site "Emanuel Lasker Arena"]
[Date "2020.08.24"]
[Round "1"]
[White "MihailoVujic"]
[Black "Nguyen Hong Anh"]
[Result "1-0"]
[WhiteElo "2230"]
[BlackElo "2269"]
[PlyCount "131"]
[EventDate "2020.08.24"]
[EventType "swiss (blitz)"]

1. e4 {[%emt 0:00:01]} c5 {[%emt 0:00:02]} 2. c3 {[%emt 0:00:01]} Nc6 {[%emt 0:00:01]} 3. d4 {[%emt 0:00:01]} cxd4 {[%emt 0:00:00]} 4. cxd4 {[%emt 0:00:00]} d5 {[%emt 0:00:00]} 5. exd5 {[%emt 0:00:00]} Qxd5 {[%emt 0:00:00]} 6. Nf3 {[%emt 0:00:00]} Bg4 {[%emt 0:00:05]} 7. Be2 {[%emt 0:00:00]} e6 {[%emt 0:00:01]} 8. h3 {[%emt 0:00:01]} Bxf3 {[%emt 0:00:02]} 9. Bxf3 {[%emt 0:00:01]} Qa5+ {[%emt 0:00:00]} 10. Bd2 {[%emt 0:00:01]} Qb6 {[%emt 0:00:01]} 11. Bxc6+ {[%emt 0:00:02]} Qxc6 {[%emt 0:00:00]} 12. Nc3 {[%emt 0:00:02]} Nf6 {[%emt 0:00:00]} 13. O-O {[%emt 0:00:02]} Be7 {[%emt 0:00:01]} 14. Rc1 {[%emt 0:00:00]} O-O {[%emt 0:00:00]} 15. Bg5 {[%emt 0:00:03]} Rac8 {[%emt 0:00:01]} 16. Re1 {[%emt 0:00:02]} Rfd8 {[%emt 0:00:01]} 17. Ne4 {[%emt 0:00:01]} Qd5 {[%emt 0:00:06]} 18. Rxc8 {[%emt 0:00:02]} Rxc8 {[%emt 0:00:02]} 19. Bxf6 {[%emt 0:00:01]} gxf6 {[%emt 0:00:02]} 20. Qg4+ {[%emt 0:00:02]} Kh8 {[%emt 0:00:01]} 21. Qh4 {[%emt 0:00:01]} Rg8 {[%emt 0:00:02]} 22. Re3 {[%emt 0:00:03]} Qxd4 {[%emt 0:00:01]} 23. Qh5 {[%emt 0:00:07]} f5 {[%emt 0:00:02]} 24. Qxf7 {[%emt 0:00:01]} Qd1+ {[%emt 0:00:04]} 25. Kh2 {[%emt 0:00:01]} Bd6+ {[%emt 0:00:00]} 26. Nxd6 {[%emt 0:00:02]} Qxd6+ {[%emt 0:00:00]} 27. Rg3 {[%emt 0:00:02]} Rxg3 {[%emt 0:00:02]} 28. fxg3 {[%emt 0:00:00]} b6 {[%emt 0:00:07]} 29. h4 {[%emt 0:00:02]} h6 {[%emt 0:00:02]} 30. Qf6+ {[%emt 0:00:02]} Kh7 {[%emt 0:00:01]} 31. h5 {[%emt 0:00:00]} Qd5 {[%emt 0:00:02]} 32. Qg6+ {[%emt 0:00:00]} Kh8 {[%emt 0:00:00]} 33. Qxh6+ {[%emt 0:00:00]} Kg8 {[%emt 0:00:00]} 34. Qg6+ {[%emt 0:00:00]} Kf8 {[%emt 0:00:00]} 35. h6 {[%emt 0:00:00]} Qe5 {[%emt 0:00:01]} 36. h7 {[%emt 0:00:01]} Qg7 {[%emt 0:00:00]} 37. Qh5 {[%emt 0:00:02]} Qh8 {[%emt 0:00:01]} 38. Qh6+ {[%emt 0:00:01]} Ke7 {[%emt 0:00:00]} 39. Qg6 {[%emt 0:00:01]} Kd6 {[%emt 0:00:00]} 40. Qg8 {[%emt 0:00:01]} Qxb2 {[%emt 0:00:00]} 41. h8=Q {[%emt 0:00:00]} Qxh8+ {[%emt 0:00:00]} 42. Qxh8 {[%emt 0:00:01]} e5 {[%emt 0:00:00]} 43. Qd8+ {[%emt 0:00:00]} Ke6 {[%emt 0:00:01]} 44. Qa8 {[%emt 0:00:00]} e4 {[%emt 0:00:00]} 45. Qxa7 {[%emt 0:00:00]} Ke5 {[%emt 0:00:00]} 46. Qxb6 {[%emt 0:00:00]} Kd5 {[%emt 0:00:01]} 47. Qe3 {[%emt 0:00:00]} Kc4 {[%emt 0:00:00]} 48. Qf4 {[%emt 0:00:00]} Kd5 {[%emt 0:00:00]} 49. Qxf5+ {[%emt 0:00:00]} Kd4 {[%emt 0:00:00]} 50. Qf4 {[%emt 0:00:00]} Kd3 {[%emt 0:00:02]} 51. g4 {[%emt 0:00:00]} e3 {[%emt 0:00:00]} 52. Qxe3+ {[%emt 0:00:00]} Kxe3 {[%emt 0:00:00]} 53. g5 {[%emt 0:00:00]} Kf4 {[%emt 0:00:00]} 54. g6 {[%emt 0:00:00]} Kf5 {[%emt 0:00:00]} 55. g7 {[%emt 0:00:00]} Kg6 {[%emt 0:00:00]} 56. g8=Q+ {[%emt 0:00:00]} Kh6 {[%emt 0:00:00]} 57. Qd8 {[%emt 0:00:00]} Kh5 {[%emt 0:00:00]} 58. a4 {[%emt 0:00:00]} Kg4 {[%emt 0:00:00]} 59. a5 {[%emt 0:00:00]} Kh5 {[%emt 0:00:00]} 60. a6 {[%emt 0:00:00]} Kg6 {[%emt 0:00:00]} 61. a7 {[%emt 0:00:00]} Kh6 {[%emt 0:00:00]} 62. a8=Q {[%emt 0:00:00]} Kg7 {[%emt 0:00:00]} 63. Qad5 {[%emt 0:00:01]} Kh6 {[%emt 0:00:00]} 64. Qb6+ {[%emt 0:00:01]} Kg7 {[%emt 0:00:01]} 65. Qdb7+ {[%emt 0:00:00]} Kh8 {[%emt 0:00:00]} 66. Qd8# {[%emt 0:00:00] (Lag: Av=0.86s, max=2.0s) (Lag: Av=0.86s, max=2.0s) (Lag: Av=0.86s, max=2.0s)} 1-0

[Event "Stay Safe Play From Home 406"]
[Site "Emanuel Lasker Arena"]
[Date "2020.08.24"]
[Round "1"]
[White "theCHESSHOUSE"]
[Black "IceQueen"]
[Result "0-1"]
[WhiteElo "2029"]
[BlackElo "2346"]
[PlyCount "74"]
[EventDate "2020.08.24"]
[EventType "swiss (blitz)"]

1. d4 {[%emt 0:00:02]} c5 {[%emt 0:00:00]} 2. c4 {[%emt 0:00:00]} cxd4 {[%emt 0:00:00]} 3. Qxd4 {[%emt 0:00:02]} Nc6 {[%emt 0:00:01]} 4. Qd1 {[%emt 0:00:00]} Nf6 {[%emt 0:00:00]} 5. g3 {[%emt 0:00:00]} e5 {[%emt 0:00:00]} 6. Bg2 {[%emt 0:00:00]} Bc5 {[%emt 0:00:00]} 7. Nf3 {[%emt 0:00:00]} d6 {[%emt 0:00:00]} 8. O-O {[%emt 0:00:01]} O-O {[%emt 0:00:00]} 9. Nc3 {[%emt 0:00:00]} Be6 {[%emt 0:00:01]} 10. b3 {[%emt 0:00:02]} Rc8 {[%emt 0:00:01]} 11. Nd5 {[%emt 0:00:01]} Bxd5 {[%emt 0:00:02]} 12. cxd5 {[%emt 0:00:00]} Ne7 {[%emt 0:00:00]} 13. Nd2 {[%emt 0:00:02]} Nexd5 {[%emt 0:00:01]} 14. Nc4 {[%emt 0:00:02]} Nc3 {[%emt 0:00:01]} 15. Qc2 {[%emt 0:00:01]} d5 {[%emt 0:00:01]} 16. Nxe5 {[%emt 0:00:01]} Bd4 {[%emt 0:00:02]} 17. Bb2 {[%emt 0:00:01]} Bxe5 {[%emt 0:00:02]} 18. Bxc3 {[%emt 0:00:03]} Rxc3 {[%emt 0:00:01]} 19. Qd2 {[%emt 0:00:01]} Qb6 {[%emt 0:00:03]} 20. e3 {[%emt 0:00:02]} Rfc8 {[%emt 0:00:01]} 21. Rac1 {[%emt 0:00:05]} h5 {[%emt 0:00:01]} 22. Rxc3 {[%emt 0:00:01]} Bxc3 {[%emt 0:00:00]} 23. Qd3 {[%emt 0:00:01]} h4 {[%emt 0:00:01]} 24. Qf5 {[%emt 0:00:01]} Qe6 {[%emt 0:00:02]} 25. Qf3 {[%emt 0:00:01]} h3 {[%emt 0:00:01]} 26. Bh1 {[%emt 0:00:05]} Ne4 {[%emt 0:00:00]} 27. Rd1 {[%emt 0:00:02]} Bf6 {[%emt 0:00:03]} 28. Qh5 {[%emt 0:00:01]} g6 {[%emt 0:00:01]} 29. Qh6 {[%emt 0:00:02]} Qf5 {[%emt 0:00:03]} 30. Qf4 {[%emt 0:00:02]} Qxf4 {[%emt 0:00:02]} 31. gxf4 {[%emt 0:00:00]} Nc3 {[%emt 0:00:01]} 32. Re1 {[%emt 0:00:02]} d4 {[%emt 0:00:01]} 33. exd4 {[%emt 0:00:01]} Bxd4 {[%emt 0:00:00]} 34. Bf3 {[%emt 0:00:01]} Nxa2 {[%emt 0:00:02]} 35. Bg4 {[%emt 0:00:01]} Rc1 {[%emt 0:00:01]} 36. Rxc1 {[%emt 0:00:01]} Nxc1 {[%emt 0:00:00]} 37. Bxh3 {[%emt 0:00:01]} Nxb3 {[%emt 0:00:01] theCHESSHOUSE resigns theCHESSHOUSE resigns theCHESSHOUSE resigns (Lag: Av=0.71s, max=1.2s) (Lag: Av=0.71s, max=1.2s) (Lag: Av=0.71s, max=1.2s)} 0-1

[Event "Stay Safe Play From Home 406"]
[Site "Emanuel Lasker Arena"]
[Date "2020.08.24"]
[Round "1"]
[White "AgentsofShield"]
[Black "NTBT_DHS"]
[Result "0-1"]
[WhiteElo "1932"]
[BlackElo "2524"]
[PlyCount "82"]
[EventDate "2020.08.24"]
[EventType "swiss (blitz)"]

1. e4 {[%emt 0:00:01]} g6 {[%emt 0:00:00]} 2. d3 {[%emt 0:00:01]} Bg7 {[%emt 0:00:00]} 3. Nd2 {[%emt 0:00:00]} d6 {[%emt 0:00:00]} 4. Ngf3 {[%emt 0:00:00]} Nd7 {[%emt 0:00:00]} 5. g3 {[%emt 0:00:00]} Ngf6 {[%emt 0:00:00]} 6. Bg2 {[%emt 0:00:00]} O-O {[%emt 0:00:00]} 7. c3 {[%emt 0:00:00]} e5 {[%emt 0:00:00]} 8. a4 {[%emt 0:00:00]} Nc5 {[%emt 0:00:01]} 9. O-O {[%emt 0:00:00]} Nxd3 {[%emt 0:00:01]} 10. b4 {[%emt 0:00:03]} a5 {[%emt 0:00:01]} 11. Qe2 {[%emt 0:00:03]} Nxc1 {[%emt 0:00:01]} 12. Rfxc1 {[%emt 0:00:02]} axb4 {[%emt 0:00:00]} 13. cxb4 {[%emt 0:00:00]} c6 {[%emt 0:00:01]} 14. b5 {[%emt 0:00:01]} c5 {[%emt 0:00:01]} 15. Nc4 {[%emt 0:00:03]} Be6 {[%emt 0:00:01]} 16. Nfd2 {[%emt 0:00:00]} Qe7 {[%emt 0:00:02]} 17. Nf1 {[%emt 0:00:03]} Bxc4 {[%emt 0:00:04]} 18. Qxc4 {[%emt 0:00:01]} Ra5 {[%emt 0:00:03]} 19. Ne3 {[%emt 0:00:01]} Rfa8 {[%emt 0:00:01]} 20. Qc2 {[%emt 0:00:03]} Qe6 {[%emt 0:00:02]} 21. Nc4 {[%emt 0:00:01]} R5a7 {[%emt 0:00:02]} 22. Rd1 {[%emt 0:00:01]} Bf8 {[%emt 0:00:01]} 23. a5 {[%emt 0:00:02]} Ne8 {[%emt 0:00:03]} 24. Nb6 {[%emt 0:00:12]} Rd8 {[%emt 0:00:02]} 25. Nd5 {[%emt 0:00:03]} Raa8 {[%emt 0:00:05]} 26. b6 {[%emt 0:00:04]} Kg7 {[%emt 0:00:01]} 27. h4 {[%emt 0:00:01]} Ra6 {[%emt 0:00:01]} 28. Kh2 {[%emt 0:00:01]} Rda8 {[%emt 0:00:01]} 29. Bh3 {[%emt 0:00:01]} f5 {[%emt 0:00:03]} 30. Qc3 {[%emt 0:00:01]} Qf7 {[%emt 0:00:03]} 31. exf5 {[%emt 0:00:04]} gxf5 {[%emt 0:00:00]} 32. Rd2 {[%emt 0:00:01]} Kh8 {[%emt 0:00:01]} 33. Re1 {[%emt 0:00:02]} Bg7 {[%emt 0:00:01]} 34. Ra2 {[%emt 0:00:03]} e4 {[%emt 0:00:01]} 35. Qc4 {[%emt 0:00:01]} Be5 {[%emt 0:00:01]} 36. Kg2 {[%emt 0:00:01]} Nf6 {[%emt 0:00:00]} 37. Ne3 {[%emt 0:00:01]} Qxc4 {[%emt 0:00:02]} 38. Nxc4 {[%emt 0:00:00]} Nd5 {[%emt 0:00:00]} 39. Bxf5 {[%emt 0:00:00]} Nb4 {[%emt 0:00:01]} 40. Ra4 {[%emt 0:00:01]} Bc3 {[%emt 0:00:01]} 41. Rd1 {[%emt 0:00:01]} d5 {[%emt 0:00:01] Time Time Time (Lag: Av=0.83s, max=1.4s) (Lag: Av=0.83s, max=1.4s) (Lag: Av=0.83s, max=1.4s)} 0-1

[Event "Stay Safe Play From Home 406"]
[Site "Emanuel Lasker Arena"]
[Date "2020.08.24"]
[Round "1"]
[White "Buzaglo"]
[Black "Tran Minh Thang"]
[Result "0-1"]
[WhiteElo "1832"]
[BlackElo "2450"]
[PlyCount "112"]
[EventDate "2020.08.24"]
[EventType "swiss (blitz)"]

1. d4 {[%emt 0:00:01]} Nf6 {[%emt 0:00:02]} 2. Nf3 {[%emt 0:00:00]} e6 {[%emt 0:00:00]} 3. g3 {[%emt 0:00:00]} b6 {[%emt 0:00:00]} 4. Bg2 {[%emt 0:00:00]} Bb7 {[%emt 0:00:00]} 5. O-O {[%emt 0:00:00]} Be7 {[%emt 0:00:00]} 6. Ne5 {[%emt 0:00:00]} Bxg2 {[%emt 0:00:01]} 7. Kxg2 {[%emt 0:00:00]} O-O {[%emt 0:00:00]} 8. Nf3 {[%emt 0:00:00]} d5 {[%emt 0:00:00]} 9. c4 {[%emt 0:00:00]} dxc4 {[%emt 0:00:01]} 10. b3 {[%emt 0:00:01]} cxb3 {[%emt 0:00:01]} 11. axb3 {[%emt 0:00:00]} c5 {[%emt 0:00:00]} 12. e4 {[%emt 0:00:00]} Nxe4 {[%emt 0:00:01]} 13. dxc5 {[%emt 0:00:00]} Qxd1 {[%emt 0:00:00]} 14. Rxd1 {[%emt 0:00:00]} Nxc5 {[%emt 0:00:00]} 15. Nc3 {[%emt 0:00:01]} Nxb3 {[%emt 0:00:01]} 16. Rb1 {[%emt 0:00:02]} Nxc1 {[%emt 0:00:01]} 17. Rdxc1 {[%emt 0:00:01]} Na6 {[%emt 0:00:00]} 18. Ne4 {[%emt 0:00:02]} Nc5 {[%emt 0:00:01]} 19. Nc3 {[%emt 0:00:03]} Rfd8 {[%emt 0:00:01]} 20. Nb5 {[%emt 0:00:00]} f6 {[%emt 0:00:01]} 21. Nc7 {[%emt 0:00:01]} Rac8 {[%emt 0:00:01]} 22. Nb5 {[%emt 0:00:00]} a6 {[%emt 0:00:01]} 23. Nc3 {[%emt 0:00:01]} b5 {[%emt 0:00:01]} 24. Ne2 {[%emt 0:00:01]} Nd3 {[%emt 0:00:01]} 25. Rxc8 {[%emt 0:00:02]} Rxc8 {[%emt 0:00:00]} 26. Ned4 {[%emt 0:00:01]} e5 {[%emt 0:00:01]} 27. Nb3 {[%emt 0:00:01]} Rc2 {[%emt 0:00:02]} 28. Rf1 {[%emt 0:00:03]} Rb2 {[%emt 0:00:03]} 29. Nc1 {[%emt 0:00:06]} e4 {[%emt 0:00:03]} 30. Nxd3 {[%emt 0:00:02]} exd3 {[%emt 0:00:01]} 31. Rd1 {[%emt 0:00:03]} Bc5 {[%emt 0:00:01]} 32. Rxd3 {[%emt 0:00:02]} Rxf2+ {[%emt 0:00:01]} 33. Kh3 {[%emt 0:00:01]} a5 {[%emt 0:00:01]} 34. Nd2 {[%emt 0:00:01]} Rf5 {[%emt 0:00:03]} 35. Ne4 {[%emt 0:00:01]} Be7 {[%emt 0:00:01]} 36. g4 {[%emt 0:00:03]} Re5 {[%emt 0:00:01]} 37. Ng3 {[%emt 0:00:02]} Kf7 {[%emt 0:00:04]} 38. Rd7 {[%emt 0:00:01]} g6 {[%emt 0:00:01]} 39. Kg2 {[%emt 0:00:03]} a4 {[%emt 0:00:01]} 40. Rb7 {[%emt 0:00:01]} a3 {[%emt 0:00:00]} 41. Ra7 {[%emt 0:00:01]} b4 {[%emt 0:00:00]} 42. Nf1 {[%emt 0:00:00]} b3 {[%emt 0:00:01]} 43. Kf3 {[%emt 0:00:01]} Rd5 {[%emt 0:00:02]} 44. Ne3 {[%emt 0:00:01]} Rd3 {[%emt 0:00:00]} 45. Ke2 {[%emt 0:00:01]} Rxe3+ {[%emt 0:00:00]} 46. Kxe3 {[%emt 0:00:00]} b2 {[%emt 0:00:00]} 47. Rb7 {[%emt 0:00:02]} a2 {[%emt 0:00:00]} 48. Kd3 {[%emt 0:00:00]} a1=Q {[%emt 0:00:00]} 49. Ke4 {[%emt 0:00:01]} b1=Q+ {[%emt 0:00:01]} 50. Rxb1 {[%emt 0:00:02]} Qxb1+ {[%emt 0:00:00]} 51. Kf3 {[%emt 0:00:01]} Bd6 {[%emt 0:00:00]} 52. Kg2 {[%emt 0:00:01]} Qd3 {[%emt 0:00:01]} 53. h4 {[%emt 0:00:00]} Qg3+ {[%emt 0:00:01]} 54. Kf1 {[%emt 0:00:01]} Qh2 {[%emt 0:00:00]} 55. Ke1 {[%emt 0:00:01]} Bf4 {[%emt 0:00:01]} 56. Kd1 {[%emt 0:00:00]} Qd2# {[%emt 0:00:01] (Lag: Av=0.83s, max=1.3s) (Lag: Av=0.83s, max=1.3s) (Lag: Av=0.83s, max=1.3s)} 0-1

[Event "Stay Safe Play From Home 406"]
[Site "Emanuel Lasker Arena"]
[Date "2020.08.24"]
[Round "1"]
[White "Trotsky"]
[Black "Fat Kevin"]
[Result "0-1"]
[WhiteElo "1584"]
[BlackElo "2028"]
[PlyCount "50"]
[EventDate "2020.08.24"]
[EventType "swiss (blitz)"]

1. d4 {[%emt 0:00:06]} c5 {[%emt 0:00:00]} 2. e3 {[%emt 0:00:00]} Nf6 {[%emt 0:00:00]} 3. c4 {[%emt 0:00:01]} cxd4 {[%emt 0:00:00]} 4. exd4 {[%emt 0:00:01]} e6 {[%emt 0:00:00]} 5. Be3 {[%emt 0:00:01]} d5 {[%emt 0:00:00]} 6. Nc3 {[%emt 0:00:01]} dxc4 {[%emt 0:00:00]} 7. Bxc4 {[%emt 0:00:01]} Bb4 {[%emt 0:00:00]} 8. Qc2 {[%emt 0:00:01]} Nc6 {[%emt 0:00:00]} 9. Bd3 {[%emt 0:00:01]} Nd5 {[%emt 0:00:01]} 10. Nf3 {[%emt 0:00:01]} g6 {[%emt 0:00:03]} 11. O-O-O {[%emt 0:00:02]} a5 {[%emt 0:00:02]} 12. h4 {[%emt 0:00:02]} h5 {[%emt 0:00:01]} 13. Ng5 {[%emt 0:00:03]} Qf6 {[%emt 0:00:02]} 14. Nge4 {[%emt 0:00:08]} Qg7 {[%emt 0:00:03]} 15. a3 {[%emt 0:00:06]} Nxe3 {[%emt 0:00:01]} 16. fxe3 {[%emt 0:00:01]} Be7 {[%emt 0:00:01]} 17. d5 {[%emt 0:00:01]} exd5 {[%emt 0:00:01]} 18. Nxd5 {[%emt 0:00:01]} O-O {[%emt 0:00:01]} 19. Ng5 {[%emt 0:00:07]} Be6 {[%emt 0:00:02]} 20. Nf4 {[%emt 0:00:01]} Bd7 {[%emt 0:00:03]} 21. Kb1 {[%emt 0:00:02]} Ne5 {[%emt 0:00:02]} 22. g4 {[%emt 0:00:02]} Bxg4 {[%emt 0:00:02]} 23. Rdf1 {[%emt 0:00:06]} Rac8 {[%emt 0:00:03]} 24. Qb3 {[%emt 0:00:02]} Nxd3 {[%emt 0:00:02]} 25. Nxd3 {[%emt 0:00:02]} Bf5 {[%emt 0:00:01] ' ' ' Âðåìÿ Âðåìÿ Âðåìÿ (Lag: Av=0.32s, max=0.6s) (Lag: Av=0.32s, max=0.6s) (Lag: Av=0.32s, max=0.6s)} 0-1

[Event "Stay Safe Play From Home 406"]
[Site "Emanuel Lasker Arena"]
[Date "2020.08.24"]
[Round "1"]
[White "Klasman"]
[Black "AChessPlayer"]
[Result "0-1"]
[WhiteElo "1309"]
[BlackElo "2449"]
[PlyCount "38"]
[EventDate "2020.08.24"]
[EventType "swiss (blitz)"]

1. f4 {[%emt 0:00:03]} d5 {[%emt 0:00:01]} 2. d4 {[%emt 0:00:01]} Nf6 {[%emt 0:00:00]} 3. e3 {[%emt 0:00:01]} Nbd7 {[%emt 0:00:00]} 4. Nf3 {[%emt 0:00:01]} Ne4 {[%emt 0:00:01]} 5. Nc3 {[%emt 0:00:02]} Nxc3 {[%emt 0:00:02]} 6. bxc3 {[%emt 0:00:01]} c5 {[%emt 0:00:01]} 7. Be2 {[%emt 0:00:04]} Qa5 {[%emt 0:00:05]} 8. Bd2 {[%emt 0:00:03]} c4 {[%emt 0:00:02]} 9. O-O {[%emt 0:00:02]} Nf6 {[%emt 0:00:00]} 10. Ne5 {[%emt 0:00:04]} Bf5 {[%emt 0:00:01]} 11. Bh5 {[%emt 0:00:02]} g6 {[%emt 0:00:01]} 12. g4 {[%emt 0:00:03]} Be4 {[%emt 0:00:03]} 13. f5 {[%emt 0:00:11]} gxh5 {[%emt 0:00:01]} 14. gxh5 {[%emt 0:00:06]} Rg8+ {[%emt 0:00:01]} 15. Kf2 {[%emt 0:00:01]} Ng4+ {[%emt 0:00:02]} 16. Nxg4 {[%emt 0:00:03]} Bxf5 {[%emt 0:00:03]} 17. h3 {[%emt 0:00:01]} Qd8 {[%emt 0:00:02]} 18. Kg2 {[%emt 0:00:04]} Be4+ {[%emt 0:00:01]} 19. Kg1 {[%emt 0:00:05]} Qd6 {[%emt 0:00:00] Time Time Time (Lag: Av=0.78s, max=1.5s) (Lag: Av=0.78s, max=1.5s) (Lag: Av=0.78s, max=1.5s)} 0-1

[Event "Stay Safe Play From Home 406"]
[Site "Emanuel Lasker Arena"]
[Date "2020.08.24"]
[Round "2"]
[White "NTBT_DHS"]
[Black "Lazieri3"]
[Result "1-0"]
[WhiteElo "2525"]
[BlackElo "1946"]
[PlyCount "91"]
[EventDate "2020.08.24"]
[EventType "swiss (blitz)"]

1. e4 {[%emt 0:00:00]} c6 {[%emt 0:00:00]} 2. Nf3 {[%emt 0:00:00]} d5 {[%emt 0:00:01]} 3. exd5 {[%emt 0:00:00]} cxd5 {[%emt 0:00:01]} 4. d4 {[%emt 0:00:00]} Nc6 {[%emt 0:00:01]} 5. Be2 {[%emt 0:00:00]} Nf6 {[%emt 0:00:00]} 6. c3 {[%emt 0:00:00]} Bf5 {[%emt 0:00:01]} 7. O-O {[%emt 0:00:00]} e6 {[%emt 0:00:00]} 8. Bf4 {[%emt 0:00:01]} Bd6 {[%emt 0:00:01]} 9. Bg3 {[%emt 0:00:01]} Bxg3 {[%emt 0:00:01]} 10. hxg3 {[%emt 0:00:00]} h6 {[%emt 0:00:00]} 11. Nbd2 {[%emt 0:00:00]} O-O {[%emt 0:00:01]} 12. Re1 {[%emt 0:00:00]} Ne4 {[%emt 0:00:01]} 13. Bb5 {[%emt 0:00:01]} a6 {[%emt 0:00:01]} 14. Bxc6 {[%emt 0:00:00]} bxc6 {[%emt 0:00:00]} 15. Nxe4 {[%emt 0:00:01]} Bxe4 {[%emt 0:00:01]} 16. Nd2 {[%emt 0:00:00]} Bg6 {[%emt 0:00:02]} 17. Nb3 {[%emt 0:00:00]} Rb8 {[%emt 0:00:01]} 18. Qd2 {[%emt 0:00:00]} Qb6 {[%emt 0:00:02]} 19. Re2 {[%emt 0:00:00]} Rfc8 {[%emt 0:00:02]} 20. Nc5 {[%emt 0:00:01]} Rc7 {[%emt 0:00:05]} 21. b4 {[%emt 0:00:01]} a5 {[%emt 0:00:01]} 22. a3 {[%emt 0:00:00]} axb4 {[%emt 0:00:01]} 23. axb4 {[%emt 0:00:00]} Ra7 {[%emt 0:00:01]} 24. Rae1 {[%emt 0:00:02]} Rba8 {[%emt 0:00:01]} 25. Qf4 {[%emt 0:00:01]} Ra1 {[%emt 0:00:01]} 26. Kh2 {[%emt 0:00:01]} Rd1 {[%emt 0:00:02]} 27. Rxd1 {[%emt 0:00:01]} Ra3 {[%emt 0:00:05]} 28. Re3 {[%emt 0:00:01]} Qa7 {[%emt 0:00:02]} 29. Rde1 {[%emt 0:00:03]} Ra1 {[%emt 0:00:01]} 30. Rxa1 {[%emt 0:00:03]} Qxa1 {[%emt 0:00:00]} 31. Qb8+ {[%emt 0:00:01]} Kh7 {[%emt 0:00:01]} 32. Nd7 {[%emt 0:00:00]} Be4 {[%emt 0:00:04]} 33. Nf8+ {[%emt 0:00:01]} Kg8 {[%emt 0:00:01]} 34. Nxe6+ {[%emt 0:00:00]} Kh7 {[%emt 0:00:00]} 35. Nf8+ {[%emt 0:00:00]} Kg8 {[%emt 0:00:01]} 36. Nd7+ {[%emt 0:00:06]} Kh7 {[%emt 0:00:01]} 37. Qf4 {[%emt 0:00:01]} Qd1 {[%emt 0:00:02]} 38. Rxe4 {[%emt 0:00:02]} dxe4 {[%emt 0:00:00]} 39. Qxe4+ {[%emt 0:00:00]} Kg8 {[%emt 0:00:01]} 40. Ne5 {[%emt 0:00:02]} f6 {[%emt 0:00:03]} 41. Nf3 {[%emt 0:00:01]} Kh8 {[%emt 0:00:08]} 42. Qxc6 {[%emt 0:00:02]} Kh7 {[%emt 0:00:00]} 43. Qe4+ {[%emt 0:00:01]} Kh8 {[%emt 0:00:00]} 44. b5 {[%emt 0:00:00]} Kg8 {[%emt 0:00:00]} 45. b6 {[%emt 0:00:00]} Qb1 {[%emt 0:00:01]} 46. Qxb1 {[%emt 0:00:01] Time Time Time (Lag: Av=0.70s, max=1.3s) (Lag: Av=0.70s, max=1.3s) (Lag: Av=0.70s, max=1.3s)} 1-0